| 000 | 01544nam a2200229Ia 4500 | ||
|---|---|---|---|
| 003 | Ost | ||
| 005 | 20260507075511.0 | ||
| 008 | 260507s9999||||xx |||||||||||||| ||und|| | ||
| 020 | _a9789953821184 | ||
| 040 | _cfsecg | ||
| 041 | _aara | ||
| 082 | _a338.18 | ||
| 100 |
_aالأشرم، محمود _eمؤلف |
||
| 245 | 0 |
_aالتنمية الزراعية المستدامة العوامل الفعالة / _c محمود الأشرم |
|
| 260 |
_aبيروت: _bمركز دراسات الوحدة العربية, _c2007 |
||
| 300 |
_a639 صفحة؛ _bإيضاحات ؛ _c24 سم |
||
| 490 | _aمركز دراسات الوحدة العربية | ||
| 504 | _aببليوغرافيا:ص ص.603-621 | ||
| 520 | _aمفاهيم أساسية في التنمية الزراعية المستدامة،دور المناخ في تحقيق التنمية الزراعية المستدامة،دور الموارد المائية في تحقيق التنمية الزراعية المستدامة،دور الموارد الأرضية ومكافحة التصحر في تحقيق التنمية الزراعية المستدامة،المشكلة السكانية والتنمية الزراعية المستدامة في العالم النامي،العوامل العربية المساعدة على تحقيق التنمية الزراعية في الوطن العربي،الوضع الغذائي العالمي والعربي والتنمية الزراعية المستدامة | ||
| 653 | _aالتنمية الزراعية | ||
| 942 | _cكتاب | ||
| 999 |
_c44735 _d44735 |
||